Podpora inovatívnosti malých a stredných podnikov v Európskej únii a v Slovenskej republike

Dôležitosť podpory malých a stredných podnikov v dobe hospodárskej krízy a potreba zvyšovania inovatívnosti ako nástroja konkurencieschopnosti.

Gespeichert in:
Bibliographische Detailangaben
1. Verfasser: Arbe, Tatiana
Format: Buchkapitel
Sprache:Slowakisch
Schlagworte:
Tags: Tag hinzufügen
Keine Tags, Fügen Sie das erste Tag hinzu!

MARC

LEADER 00000naa a2200000 4500
001 0163915
005 20220715093826.4
041 0 |a slo 
044 |a SK 
245 1 0 |a Podpora inovatívnosti malých a stredných podnikov v Európskej únii a v Slovenskej republike  |c Tatiana Arbe 
520 |a Dôležitosť podpory malých a stredných podnikov v dobe hospodárskej krízy a potreba zvyšovania inovatívnosti ako nástroja konkurencieschopnosti. 
610 2 0 |a Európska únia 
610 2 0 |a konkurencia 
610 2 0 |a podnik malý 
610 2 0 |a podnik stredný 
610 2 0 |a Slovensko 
610 2 0 |a stratégia inovačná 
610 2 0 |a podpora podnikania 
100 1 |a Arbe, Tatiana